Triduum Paschalne - Statystyki

Ogólne statystyki
  • Ten quiz został rozwiązany 984 razy
  • Średni wynik to 9 z 10
Statystyki odpowiedzi
Zagadnienie Odpowiedź % Poprawnych
Co w trakcie Ostatniej Wieczerzy, jako znak służebnej miłości caritas, umył uczniom Jezus? Stopy
97%
"Triduum" oznacza ile dni? 3
94%
W Wielki Piątek, w ramach Ewangelii odczytujemy fragment opisujący: Mekę Pańską
94%
Po liturgii Wigilii Paschalnej, bądź w poranek (przed wschodem słońca) Niedzieli Zmartwychwstania uczestniczymy w: Procesji rezurekcyjnej
94%
W Wielką Sobotę w Kościele czuwamy przy: Bożym Grobie
89%
Ustanowienie jakich sakramentów przeżywamy w Wielki Czwartek? Eucharystii i kapłaństwa
83%
W który dzień Triduum Paschalnego nie odprawia się Mszy Świętej? Wielki Piątek
83%
W Wigilię Paschalną, w trakcie liturgii światła święcony jest: Paschał
77%
W trakcie liturgii Wielkiego Piątku adorujemy: Krzyż
74%
Przedłużeniem świętowania Zmartwychwstania Chrystusa jest oktawa trwająca (BEZ Niedzieli Zmartwychwstania) 7 dni
66%
Nie znaleziono quizów pasujących do podanych kryteriów
Rozkład punktacji
Procent ludzi z każdym wynikiem
Percentyl według liczby udzielonych odpowiedzi
Twoja historia wyników
Nie rozwiązałeś tego quizu